000 00777nmm a2200265 a 4500
003 AR-BaBNM
005 20251128203432.0
008 227119s1962 ||||||||||||||000 | spa||
040 _cAR-BaBNM
100 1 _aRothbard, Murray Newton
245 1 0 _aMoneda, libre y controlada
_bensayo sobre el origen y función de la moneda
260 _aBuenos Aires
_bCentro de Estudios sobre la Libertad
_c1962
300 0 _a154 p.
650 4 _aINSTITUCIONES FINANCIERAS
650 4 _aDINERO
650 4 _aTEORIA MONETARIA
650 4 _aMONEDA
650 4 _aRELACIONES MONETARIAS INTERNACIONALES
650 4 _aHISTORIA ECONOMICA
650 4 _aHISTORIA FINANCIERA
653 0 _aLEYES FINANCIERAS
700 1 _aRead, Leonard E.
_eprologuista
942 _cBK
998 _cmariana
999 _c3380
_d3380